[Event "GER-ch U12"]
[Site "Willingen"]
[Date "2018.05.26"]
[Round "11"]
[White "Felten, Maximilian"]
[Black "May, Alexander1111"]
[Result "1-0"]
[WhiteElo "1705"]
[BlackElo "1373"]
[PlyCount "49"]
[EventDate "2018.05.19"]
[EventType "swiss"]
[EventRounds "11"]
[EventCountry "GER"]
[SourceTitle "CBM 184 Extra"]
[Source "ChessBase"]
[SourceDate "2018.06.28"]
[SourceVersion "1"]
[SourceVersionDate "2018.06.28"]
[SourceQuality "1"]

1. d4 Nf6 2. Nf3 g6 3. e3 Bg7 4. Bd3 0-0 5. 0-0 d6 6. Nbd2 Nbd7 7. c3 c5 8. e4 b6 9. Re1 Bb7 10. e5 dxe5 11. dxe5 Ng4 12. e6 fxe6 13. Rxe6 Nde5 14. Nxe5 Nxe5 15. Bc2 Qd5 16. Be4 Qxe6 17. Bxb7 Rad8 18. Qe2 Qd7 19. Be4 Bh6 20. c4 Bxd2 21. Bd5+ e6 22. Qxe5 exd5 23. Bxd2 dxc4 24. Bc3 Qf5 25. Qg7# 1-0

[Event "GER-ch U12"]
[Site "Willingen"]
[Date "2018.05.24"]
[Round "8"]
[White "Schwartz, Oliver"]
[Black "Felten, Maximilian"]
[Result "1-0"]
[WhiteElo "1512"]
[BlackElo "1705"]
[PlyCount "61"]
[EventDate "2018.05.19"]
[EventType "swiss"]
[EventRounds "11"]
[EventCountry "GER"]
[SourceTitle "CBM 184 Extra"]
[Source "ChessBase"]
[SourceDate "2018.06.28"]
[SourceVersion "1"]
[SourceVersionDate "2018.06.28"]
[SourceQuality "1"]

1. e4 e6 2. d4 d5 3. e5 c5 4. c3 Nc6 5. Nf3 Qb6 6. a3 Bd7 7. b4 cxb4 8. cxb4 f6 9. exf6 Nxf6 10. Bb2 Bd6 11. Bd3 0-0 12. 0-0 Rae8 13. Re1 Qc7 14. Nc3 e5 15. Nb5 Qb8 16. Nxd6 Qxd6 17. dxe5 Nxe5 18. Nxe5 Qb6 19. Nxd7 Nxd7 20. Rxe8 Qxf2+ 21. Kh1 Rxe8 22. Bd4 Qf4 23. Bb5 Re7 24. Rc1 Re4 25. Rc8+ Kf7 26. Qh5+ Ke6 27. Qe8+ Kf5 28. Qxd7+ Kg5 29. Qxg7+ Kh5 30. Qxh7+ Qh6 31. Qf5+ 1-0

[Event "GER-ch U12"]
[Site "Willingen"]
[Date "2018.05.23"]
[Round "7"]
[White "Morczynski, Joachim"]
[Black "Felten, Maximilian"]
[Result "1-0"]
[WhiteElo "1586"]
[BlackElo "1705"]
[PlyCount "103"]
[EventDate "2018.05.19"]
[EventType "swiss"]
[EventRounds "11"]
[EventCountry "GER"]
[SourceTitle "CBM 184 Extra"]
[Source "ChessBase"]
[SourceDate "2018.06.28"]
[SourceVersion "1"]
[SourceVersionDate "2018.06.28"]
[SourceQuality "1"]

1. e4 e6 2. d4 d5 3. Nc3 Nf6 4. Bg5 dxe4 5. Nxe4 Nbd7 6. Nxf6+ Nxf6 7. Nf3 Be7 8. Bxf6 Bxf6 9. Bc4 0-0 10. 0-0 b6 11. c3 Bb7 12. Re1 c6 13. Qd3 Qc7 14. Rad1 Rad8 15. Qe3 Rd7 16. Ne5 Bxe5 17. Qxe5 Qxe5 18. Rxe5 c5 19. Re2 Rfd8 20. Red2 a6 21. f4 b5 22. Bb3 Kf8 23. Kf2 cxd4 24. Rxd4 Rxd4 25. Rxd4 Rxd4 26. cxd4 Ke7 27. g3 Kd6 28. Ke3 Bd5 29. Bxd5 Kxd5 30. b3 a5 31. g4 g6 32. g5 a4 33. h3 axb3 34. axb3 Kc6 35. Ke4 Kd6 36. b4 Kc7 37. Ke5 Kc6 38. h4 Kc7 39. Kf6 Kd6 40. Kxf7 Kd5 41. Kg7 Kc4 42. Kxh7 Kxb4 43. Kxg6 Kc4 44. Kf6 b4 45. g6 b3 46. g7 b2 47. g8Q b1Q 48. Qxe6+ Kxd4 49. h5 Qh1 50. Kg5 Qg2+ 51. Qg4 Qd2 52. Qd7+ 1-0

[Event "Rheinland Pfalz op 9th"]
[Site "Lambsheim"]
[Date "2017.06.15"]
[Round "1"]
[White "Felten, Maximilian"]
[Black "Wenner, Tobias"]
[Result "0-1"]
[WhiteElo "1642"]
[BlackElo "2095"]
[PlyCount "136"]
[EventDate "2017.06.15"]
[EventType "swiss"]
[EventRounds "7"]
[EventCountry "GER"]
[SourceTitle "CBM 178 Extra"]
[Source "ChessBase"]
[SourceDate "2017.06.22"]
[SourceVersion "1"]
[SourceVersionDate "2017.06.22"]
[SourceQuality "1"]

1. c4 Nf6 2. Nc3 g6 3. d4 Bg7 4. Nf3 0-0 5. Bf4 d6 6. e3 Nbd7 7. Be2 c6 8. h3 a6 9. 0-0 b5 10. Rc1 Bb7 11. Qd2 b4 12. Nb1 Qb6 13. Qc2 c5 14. Nbd2 cxd4 15. exd4 Rfc8 16. Qb3 a5 17. a3 bxa3 18. Qxb6 Nxb6 19. bxa3 Na4 20. Nb3 Ne4 21. Bd2 Nxd2 22. Nfxd2 Bc6 23. Rc2 Rab8 24. Bd3 Bd7 25. Re1 e6 26. Kf1 Nb2 27. Rxb2 a4 28. Reb1 axb3 29. Rxb3 Rxb3 30. Nxb3 Ra8 31. Ra1 Ba4 32. Rb1 Bxb3 33. Rxb3 Bxd4 34. Bc2 Kg7 35. Rd3 e5 36. f4 Rc8 37. fxe5 dxe5 38. Bb3 f5 39. Ke2 Kf6 40. Kd2 Ke7 41. Kc2 Kd6 42. Rd2 Kc5 43. Kb1 Rb8 44. Ka2 f4 45. Rd1 e4 46. Rf1 g5 47. h4 h6 48. hxg5 hxg5 49. Rh1 f3 50. gxf3 exf3 51. Rh5 Be3 52. Bd1 f2 53. Be2 Rd8 54. Kb3 Rd1 55. Rh3 Kd4 56. Rh8 Rb1+ 57. Kc2 Rc1+ 58. Kb2 f1Q 59. Bxf1 Rxf1 60. Kb3 Rb1+ 61. Ka2 Rc1 62. Kb3 Rc3+ 63. Kb2 Rxc4 64. Rh1 g4 65. Rh4 Kd3 66. Kb3 Re4 67. Rh2 g3 68. Rh3 g2 0-1

[Event "GER-chT U12"]
[Site "Magdeburg"]
[Date "2016.12.29"]
[Round "5.3"]
[White "Beer, Ludwig"]
[Black "Felten, Maximilian"]
[Result "1-0"]
[WhiteElo "1235"]
[BlackElo "1612"]
[PlyCount "131"]
[EventDate "2016.12.27"]
[EventType "team-swiss"]
[EventRounds "7"]
[EventCountry "GER"]
[SourceTitle "EXT 2018"]
[Source "ChessBase"]
[SourceDate "2017.10.13"]
[SourceVersion "1"]
[SourceVersionDate "2017.10.13"]
[SourceQuality "1"]
[WhiteTeam "Berlin Empor"]
[BlackTeam "Trier SG"]
[WhiteTeamCountry "GER"]
[BlackTeamCountry "GER"]

1. e4 e6 2. d4 d5 3. exd5 exd5 4. Bd3 Nc6 5. c3 Bd6 6. Nf3 Bg4 7. 0-0 Nge7 8. Bg5 Qd7 9. Re1 0-0-0 10. Nbd2 h6 11. Bxe7 Nxe7 12. Qc2 g5 13. Re2 Be6 14. Ne5 Qe8 15. Rae1 Bxe5 16. Rxe5 Nc6 17. R5e2 Qd7 18. Nf3 Rde8 19. Bf5 Re7 20. Bxe6 fxe6 21. Qg6 Nd8 22. Ne5 Qd6 23. Qc2 Rhh7 24. Qa4 a6 25. Rc2 Rhg7 26. c4 Nf7 27. c5 Qd8 28. Nd3 c6 29. Rce2 Qd7 30. f3 Rg8 31. Qa5 Rge8 32. b4 Qc7 33. Qxc7+ Kxc7 34. f4 gxf4 35. Nxf4 Ng5 36. Nd3 Ne4 37. Nf2 Ng5 38. Ng4 Rg7 39. Rf1 h5 40. Nf2 Reg8 41. Re3 Rf7 42. Nh3 Rxf1+ 43. Kxf1 Rf8+ 44. Kg1 Ne4 45. Rf3 Rxf3 46. gxf3 Nf6 47. Kg2 Kd7 48. Kg3 Ke7 49. Kh4 Kf7 50. Nf4 e5 51. dxe5 Ne8 52. Kxh5 Ng7+ 53. Kg5 Ke7 54. h4 Ne6+ 55. Nxe6 Kxe6 56. Kf4 Kf7 57. Ke3 Kg6 58. f4 Kf5 59. h5 Ke6 60. h6 Kf7 61. e6+ Kxe6 62. h7 Kf5 63. h8Q Kg4 64. Qg7+ Kh4 65. Kf3 Kh5 66. Qg5# 1-0

[Event "GER-ch U10"]
[Site "Willingen"]
[Date "2016.05.18"]
[Round "7.9"]
[White "Eilenberg, Jonas"]
[Black "Felten, Maximilian"]
[Result "1/2-1/2"]
[WhiteElo "1497"]
[BlackElo "1369"]
[PlyCount "41"]
[EventDate "2016.05.15"]
[EventType "swiss"]
[EventRounds "11"]
[EventCountry "GER"]
[SourceTitle "CBM 172 Extra"]
[Source "ChessBase"]
[SourceDate "2016.06.21"]
[SourceVersion "1"]
[SourceVersionDate "2016.06.21"]
[SourceQuality "1"]

1. d4 d5 2. c4 c6 3. cxd5 cxd5 4. Nc3 Nc6 5. Nf3 Nf6 6. Bg5 Ne4 7. Bf4 e6 8. a3 a6 9. e3 Nxc3 10. bxc3 Be7 11. Bd3 h6 12. 0-0 0-0 13. Qd2 Bd6 14. Bg3 Na5 15. Qc2 Bxg3 16. hxg3 Bd7 17. Qb2 b5 18. Rac1 Nc4 19. Bxc4 dxc4 20. Qe2 Bc6 21. Rfd1 1/2-1/2